000 00978nam2a2200265 4500
001 RU\NLR\bibl\1946915
005 20250616203720.0
010 _a978-5-317-04121-2
_9200
021 _aRU
_b2012-64783
_94761
035 _a(NLR Aleph) 001936110
090 _a3501924
_c3501924
100 _a20120920d2012 |||y0rusy50 ca
101 0 _arus
102 _aRU
105 _aa |||||||||
200 0 _a5
210 _d2012
_aБ. м.
215 _a179 с.
_cил.
320 _aБиблиогр. в подстроч. прим.
461 0 _1001RU\NLR\bibl\1702863
_12001#$aИвановка. Времена. События. Судьбы$v5
_91178195
_cМосква
_d2009
_nМАКС пресс
_oтруды Музея-усадьбы С.В. Рахманинова "Ивановка" : альманах
_tИвановка. Времена. События. Судьбы
_v5
801 0 _aRU
_bNLR
_c20120920
_gRCR
801 1 _aRU
_bNLR
_c20120920
942 _cBOOK
980 _aNB